00918cam a2200289 i 450000100090000000300040000900500170001300800410003001000170007102000380008804000280012604200080015405000220016208200170018410000180020124501790021925000190039826400330041730000230045033600210047333700250049433800230051950000200054265000270056270000180058970000210060718511413GZU20201123102810.0150302s2016 cau 001 0 eng  a 2015006458 a9781483359304 (pbk. : alk. paper) aDLCbengcDLCerdadDLC apcc00aHD58.8b.CAW 201600a658.4/062231 aCawsey, T. F.10aOrganizational change :ban action-oriented toolkit /cTupper F. Cawsey, Wilfrid Laurier University, Gene Deszca, Wilfrid Laurier University, Cynthia Ingols, Simmons College. aThird edition. 1aLos Angeles :bSAGE,c[2016] a180 pages ;c28 cm atext2rdacontent aunmediated2rdamedia avolume2rdacarrier aIncludes index. 0aOrganizational change.1 aDeszca, Gene.1 aIngols, Cynthia.